000 00596nam a22001817a 4500
005 20250324105226.0
008 250324b |||||||| |||| 00| 0 eng d
020 _a9781789908626
041 _aEng.
082 _a658.4038 DAI
100 _aDaim, Tugrul U
245 _aDigital Transformations: New Tools and Methods for Mining Technological Intelligence
260 _aCheltenham, UK
_bEdward Elgar Publishing
_c2022
300 _a172;. P. 23 cm
650 _aInformation Technology-Management; Technological Innovations; Patents-Data Processing
700 _aYalcin, Haydar
942 _cBK
999 _c43351
_d43351